000
00304nam a22001217a 4500
020
_a
0764547763
082
_2
22
_a
005.72
100
_a
Tennison, Jeni.
245
_a
XSLT and XPath on the edge /
260
_a
New York,
_b
M and T Books,
_c
c2001.
300
_a
xxxv, 608p. ;
_b
ill. ;
_c
23 cm.
942
_2
ddc
_c
IT
999
_c
1845
_d
1845